<?xml version="1.0" encoding="UTF-8"?>
<collection xmlns="http://www.loc.gov/MARC21/slim">
<record>
  <controlfield tag="001">3090</controlfield>
  <controlfield tag="005">20170116144217.0</controlfield>
  <datafield tag="037" ind1=" " ind2=" ">
    <subfield code="a">OUTRTLK-2017-0016</subfield>
  </datafield>
  <datafield tag="100" ind1=" " ind2=" ">
    <subfield code="a">Vanlommel, Petra</subfield>
  </datafield>
  <datafield tag="245" ind1=" " ind2=" ">
    <subfield code="a">Zonnestorm op komst - nieuwe satellieten onderzoeken het onbekende</subfield>
  </datafield>
  <datafield tag="260" ind1=" " ind2=" ">
    <subfield code="c">2016</subfield>
  </datafield>
  <datafield tag="269" ind1=" " ind2=" ">
    <subfield code="c">2016-12-10</subfield>
  </datafield>
  <datafield tag="520" ind1=" " ind2=" ">
    <subfield code="a">De zon is een uiterst boeiend studieobject dat aan de oorsprong ligt van het ‘ruimteweer’. De studie van het ruimteweer is een jonge wetenschappelijke discipline met toenemend belang vanwege de impact van zonnestormen op onze hoog-technologische maatschappij.  Doorgedreven wetenschappelijke onderzoek en grensverleggende ruimtemissies vormen een deel van het antwoord op de zonnedreiging. Zo hopen we in de nabije toekomst dankzij de satellieten Solar Orbiter en PROBA3 te kunnen doordringen in de geheimen van de zonneatmosfeer waar zonnestormen ontstaan. Solar Orbiter zal de Zon dichter dan ooit observeren in het extreem ultraviolet licht terwijl PROBA3 borg staat voor de perfecte zonsverduistering.  Wij kijken er alvast naar uit!</subfield>
  </datafield>
  <datafield tag="594" ind1=" " ind2=" ">
    <subfield code="a">STCE</subfield>
  </datafield>
  <datafield tag="773" ind1=" " ind2=" ">
    <subfield code="t">MIRA volksterrenwacht, Grimbergen</subfield>
  </datafield>
  <datafield tag="856" ind1="0" ind2=" ">
    <subfield code="f">petra.vanlommel@observatoire.be</subfield>
  </datafield>
  <datafield tag="980" ind1=" " ind2=" ">
    <subfield code="a">OUTRTLK</subfield>
  </datafield>
</record>
</collection>